[Event "23rd ETCC Open 2021"]
[Site "Catez"]
[Date "2021.11.21"]
[Round "9.51"]
[White "Mazur, Stefan"]
[Black "Kurmann, Oliver"]
[Result "1/2-1/2"]
[WhiteElo "2433"]
[BlackElo "2458"]
[Annotator "ChessBase"]
[PlyCount "108"]
[EventDate "2021.11.08"]
[EventType "team-tourn"]
[EventCountry "SLO"]
[SourceTitle "playchess.com"]
[Source "ChessBase"]
[SourceQuality "1"]
[WhiteTeam "Slovakia"]
[BlackTeam "Switzerland"]
[WhiteTeamCountry "SVK"]
[BlackTeamCountry "SUI"]
[TimeControl "40/5400+30:1800+30"]

1. e4 c5 2. Nf3 e6 3. d4 cxd4 4. Nxd4 Nf6 5. Nc3 Nc6 6. Ndb5 d6 7. Bf4 e5 8.
Bg5 a6 9. Na3 b5 10. Bxf6 gxf6 11. Nd5 f5 12. Bd3 Be6 13. c3 Bg7 14. Nxb5 axb5
15. Bxb5 Rc8 16. Qa4 Bd7 17. exf5 O-O 18. O-O e4 19. Qxe4 Re8 20. Qa4 Re5 21.
Rad1 Rxf5 22. f4 Rh5 23. h3 Kh8 24. Rfe1 Rh6 25. Qe4 Re6 26. Qd3 Nb8 27. a4
Bxb5 28. Qxb5 Nd7 29. Rxe6 fxe6 30. Ne3 Nc5 31. a5 Qc7 32. f5 exf5 33. Nxf5 Be5
34. Qc4 Rf8 35. Ne3 Qa7 36. Kh1 Rf4 37. Qb5 Ne4 38. Re1 Qg7 39. Kg1 Qg3 40.
Qe8+ Kg7 41. Qd7+ Kh6 42. Qe6+ Kh5 43. Qe8+ Kh6 44. Qe6+ Kg7 45. Qe7+ Kg8 46.
Qe6+ Kf8 47. Qc8+ Kf7 48. Qd7+ Kg8 49. Qe6+ Rf7 50. Qg4+ Kf8 51. Qc8+ Kg7 52.
Qg4+ Kf8 53. Qc8+ Kg7 54. Qg4+ Kf8 1/2-1/2

[Event "23rd ETCC Open 2021"]
[Site "Catez"]
[Date "2021.11.21"]
[Round "9.52"]
[White "Baenziger, Fabian"]
[Black "Sahidi, Samir"]
[Result "1/2-1/2"]
[WhiteElo "2403"]
[BlackElo "2432"]
[Annotator "NA"]
[PlyCount "79"]
[EventDate "2021.11.08"]
[EventType "team-tourn"]
[EventCountry "SLO"]
[SourceTitle "playchess.com"]
[Source "ChessBase"]
[SourceQuality "1"]
[WhiteTeam "Switzerland"]
[BlackTeam "Slovakia"]
[WhiteTeamCountry "SUI"]
[BlackTeamCountry "SVK"]
[TimeControl "40/5400+30:1800+30"]

1. d4 Nf6 2. c4 e6 3. Nf3 b6 4. g3 Bb7 5. Bg2 Be7 6. O-O O-O 7. Nc3 d5 8. Ne5
Nbd7 9. cxd5 exd5 10. Qa4 Nb8 11. Rd1 Re8 12. Bg5 c6 13. Rac1 a5 14. Bxf6 Bxf6
15. e4 b5 16. Qb3 a4 17. Qc2 Bxe5 18. dxe5 d4 19. Ne2 Rxe5 20. Nxd4 Qb6 21. Nf5
Na6 22. Qc3 Rae8 23. Nd6 Rc5 24. Qf3 Rf8 25. Nxb7 Rxc1 26. Rxc1 Qxb7 27. e5 Nb8
28. Qe3 Qd7 29. a3 Rd8 30. Bf3 Qe6 31. Kg2 g6 32. Rc5 Kg7 33. Qc3 Rc8 34. h4 h5
35. Qc2 Rd8 36. Qc3 Rc8 37. Qc1 Re8 38. Qc3 Rc8 39. Qc1 Re8 40. Qc3 1/2-1/2

[Event "23rd ETCC Open 2021"]
[Site "Catez"]
[Date "2021.11.21"]
[Round "9.53"]
[White "Laurusas, Tomas"]
[Black "Grandelius, Nils"]
[Result "1/2-1/2"]
[WhiteElo "2553"]
[BlackElo "2669"]
[Annotator "TA"]
[PlyCount "60"]
[EventDate "2021.11.08"]
[EventType "team-tourn"]
[EventCountry "SLO"]
[SourceTitle "playchess.com"]
[Source "ChessBase"]
[SourceQuality "1"]
[WhiteTeam "Lithuania"]
[BlackTeam "Sweden"]
[WhiteTeamCountry "LTU"]
[BlackTeamCountry "SWE"]

{[%evp 15,60,18,30,28,27,0,4,10,16,12,10,0,9,18,10,16,10,0,0,0,-1,0,0,0,0,0,4,
3,3,3,20,17,10,0,0,0,4,0,0,0,0,0,0,0,0,0,0]} 1. d4 Nf6 2. c4 g6 3. Nc3 d5 4.
cxd5 Nxd5 5. e4 Nxc3 6. bxc3 Bg7 7. Nf3 c5 8. Be3 Qa5 9. Nd2 {D85: Exchange
Grünfeld: Unusual White 7th moves and lines with 7 Nf3.} cxd4 {[#] 9...Nd7 is
setting a new trend.} 10. Nc4 Qa6 {The position is equal.} (10... Qxc3+ $2 11.
Bd2 $18) (10... Qd8 11. cxd4) 11. cxd4 O-O 12. Rb1 b5 13. Nd2 Bd7 14. Qb3 {
[%cal Rf1b5]} Rc8 {[#]} 15. Be2 $146 ({Avoid the trap} 15. Bxb5 $2 Bxb5 16.
Qxb5 Qxb5 $19) ({Predecessor:} 15. Nf3 Qb7 16. Bxb5 Bxb5 17. Qxb5 Qxe4 18. O-O
a6 19. Qb3 e6 20. d5 Qxd5 21. Qxd5 exd5 {1/2-1/2 (31) Nguyen,N (2638)
-Grandelius,N (2691) Douglas 2019}) 15... Qa5 16. O-O {[%cal Re2b5]} ({Wrong is
} 16. Bxb5 $2 Qxb5 17. Qa3 (17. Qxb5 $2 Bxb5 18. f3 Bd3 $19) 17... Qa6 $19)
16... Bxd4 {[%mdl 64] [#] Decoy} 17. Bxd4 {Threatens to win with Nf3.} Qxd2 18.
Bd3 Be6 19. Qxb5 {aiming for Qe5.} Nc6 20. Be3 a6 {And now ...Qxe3 would win.}
21. Bxd2 axb5 22. Bxb5 Bxa2 23. Bxc6 Rxc6 24. Rbc1 (24. Rb7 {is interesting.}
Bc4 25. Re1 Rd8 26. Bf4 Kf8 27. Ra1) 24... Rxc1 25. Rxc1 $11 {[%mdl 4096]
Endgame KRB-KRB} Rb8 26. f3 Rb1 27. Rxb1 Bxb1 28. h4 h5 29. Bb4 Kf8 30. Kf2 Ke8
{Not much happened in this game.  Weighted Error Value: White=0.01/Black=0.02}
1/2-1/2

[Event "23rd ETCC Open 2021"]
[Site "Catez"]
[Date "2021.11.21"]
[Round "9.54"]
[White "Hillarp Persson, Tiger"]
[Black "Kazakouski, Valery"]
[Result "1/2-1/2"]
[WhiteElo "2528"]
[BlackElo "2490"]
[Annotator "ChessBase"]
[PlyCount "84"]
[EventDate "2021.11.08"]
[EventType "team-tourn"]
[EventCountry "SLO"]
[SourceTitle "playchess.com"]
[Source "ChessBase"]
[SourceQuality "1"]
[WhiteTeam "Sweden"]
[BlackTeam "Lithuania"]
[WhiteTeamCountry "SWE"]
[BlackTeamCountry "LTU"]
[TimeControl "40/5400+30:1800+30"]

1. Nf3 Nf6 2. g3 e6 3. Bg2 d5 4. O-O Be7 5. c4 O-O 6. d4 c6 7. Nbd2 b6 8. Qc2
Bb7 9. e4 Na6 10. a3 c5 11. exd5 exd5 12. dxc5 Nxc5 13. b4 Nce4 14. Bb2 Nxd2
15. Nxd2 Qc8 16. Rfe1 Re8 17. Rac1 Qd7 18. Qd3 Rad8 19. Bxf6 gxf6 20. cxd5 Bxd5
21. Bxd5 Qxd5 22. Qxd5 Rxd5 23. Nf1 Kf8 24. Ne3 Re5 25. Red1 a5 26. Nd5 axb4
27. axb4 Rd8 28. Nxb6 Rb5 29. Rxd8+ Bxd8 30. Rc8 Ke7 31. Nc4 Rxb4 32. Ne3 Rb5
33. Kg2 f5 34. Kf3 Kd7 35. Ra8 Bc7 36. Rh8 f4 37. Ng4 fxg3 38. hxg3 Rf5+ 39.
Ke4 Rg5 40. Nf6+ Ke6 41. Nxh7 f5+ 42. Kf3 Rg7 1/2-1/2

[Event "23rd ETCC Open 2021"]
[Site "Catez"]
[Date "2021.11.21"]
[Round "9.55"]
[White "Klabis, Rokas"]
[Black "Blomqvist, Erik"]
[Result "0-1"]
[WhiteElo "2353"]
[BlackElo "2542"]
[Annotator "ChessBase"]
[PlyCount "70"]
[EventDate "2021.11.08"]
[EventType "team-tourn"]
[EventCountry "SLO"]
[SourceTitle "playchess.com"]
[Source "ChessBase"]
[SourceQuality "1"]
[WhiteTeam "Lithuania"]
[BlackTeam "Sweden"]
[WhiteTeamCountry "LTU"]
[BlackTeamCountry "SWE"]
[TimeControl "40/5400+30:1800+30"]

1. e4 c5 2. Nf3 e6 3. d4 cxd4 4. Nxd4 Nc6 5. Nc3 Qc7 6. Be3 a6 7. Qd2 Nf6 8. f3
Be7 9. O-O-O b5 10. Kb1 Bb7 11. Bf4 e5 12. Nf5 exf4 13. Nd5 Qb8 14. Nxg7+ Kf8
15. Nf5 Qe5 16. Nxf4 h5 17. Nd3 Qc7 18. e5 Nd5 19. f4 Na5 20. Nxe7 Nc4 21. Qf2
Kxe7 22. f5 Rac8 23. Re1 Qa5 24. e6 dxe6 25. fxe6 f6 26. Nf4 Nd2+ 27. Kc1 Nxf4
28. Qxf4 Nb3+ 29. Kd1 Rhd8+ 30. Bd3 Rxd3+ 31. cxd3 Qxa2 32. Qb4+ Ke8 33. Ke2
Qxb2+ 34. Ke3 Qe5+ 35. Kf2 Rc2+ 0-1

[Event "23rd ETCC Open 2021"]
[Site "Catez"]
[Date "2021.11.21"]
[Round "9.56"]
[White "Johansson, Linus"]
[Black "Brazdzionis, Andrius"]
[Result "0-1"]
[WhiteElo "2479"]
[BlackElo "2356"]
[Annotator "ChessBase"]
[PlyCount "108"]
[EventDate "2021.11.08"]
[EventType "team-tourn"]
[EventCountry "SLO"]
[SourceTitle "playchess.com"]
[Source "ChessBase"]
[SourceQuality "1"]
[WhiteTeam "Sweden"]
[BlackTeam "Lithuania"]
[WhiteTeamCountry "SWE"]
[BlackTeamCountry "LTU"]
[TimeControl "40/5400+30:1800+30"]

1. d4 Nf6 2. c4 e6 3. Nf3 d5 4. Nc3 c5 5. cxd5 cxd4 6. Nxd4 Nxd5 7. e4 Nxc3 8.
bxc3 a6 9. Qf3 Qc7 10. Be2 Bd6 11. h4 Nd7 12. h5 h6 13. O-O Nf6 14. a4 Qa5 15.
g3 Bd7 16. Rd1 Qc7 17. a5 Rc8 18. Bd2 Be5 19. Rdb1 O-O 20. Rb6 Bxd4 21. cxd4
Qc2 22. Bb4 Rfe8 23. Bd3 Qb2 24. Rd1 Ba4 25. Rd2 Qa1+ 26. Kh2 Nh7 27. Bc5 Ng5
28. Qe2 Qc1 29. Kg2 e5 30. f3 f5 31. Rb1 Qc3 32. Bb4 Qxd4 33. Bxa6 fxe4 34. f4
exf4 35. Rxd4 f3+ 36. Kf2 fxe2 37. Bxb7 e3+ 38. Kxe2 Bb5+ 39. Ke1 Bc6 40. Bxc6
Rxc6 41. Ke2 Rc2+ 42. Kd3 Ra2 43. Kc3 Rb8 44. Kb3 Rxa5 45. Rb2 Ne6 46. Rc4 Rxh5
47. Kc3 Rhb5 48. Ra2 Nc7 49. Rxc7 Rxb4 50. Re7 e2 51. Ra3 Rb2 52. g4 R8b7 53.
Re4 R2b4 54. Rxe2 Rxg4 0-1

[Event "23rd ETCC Open 2021"]
[Site "Catez"]
[Date "2021.11.21"]
[Round "9.57"]
[White "Gretarsson, Hjorvar Steinn"]
[Black "Saraci, Nderim"]
[Result "1/2-1/2"]
[WhiteElo "2574"]
[BlackElo "2486"]
[Annotator "TA"]
[PlyCount "115"]
[EventDate "2021.11.08"]
[EventType "team-tourn"]
[EventCountry "SLO"]
[SourceTitle "playchess.com"]
[Source "ChessBase"]
[SourceQuality "1"]
[WhiteTeam "Iceland"]
[BlackTeam "Kosovo"]
[WhiteTeamCountry "ISL"]
[BlackTeamCountry "KOS"]

{[%evp 21,115,29,35,29,36,22,33,28,26,15,14,14,18,8,9,0,-4,0,8,0,0,0,0,-36,-27,
-89,-88,-89,-72,-70,-70,-74,-74,-74,-74,-74,-77,-74,-47,-53,-46,-45,-47,-55,
-64,-64,0,0,0,0,0,0,0,0,0,0,0,0,0,0,0,0,0,0,0,0,29,29,29,29,29,0,0,0,0,0,0,0,0,
0,0,0,0,0,0,0,0,0,0,0,0,0,0,0,0,0]} 1. c4 Nf6 2. Nc3 c5 3. Nf3 Nc6 4. d4 cxd4
5. Nxd4 g6 6. e4 Bg7 7. Be3 O-O 8. Be2 d6 9. h3 Bd7 10. O-O Nxd4 11. Bxd4 Bc6
12. Qc2 {B38: Sicilian: Maroczy Bind with 5...Bg7 and 7...0-0.} a5 13. Rad1 Nd7
14. Be3 {White is slightly better.} a4 15. Nd5 {[#]} e6 $146 ({Predecessor:} 
15... Rc8 16. Nb4 Qa5 17. Nxc6 Rxc6 18. Rd5 Nc5 19. Rb1 Ra8 20. f4 Qc7 21. Kh1
e6 {1-0 (49) Glavina,P (2394)-Moreno Gracia,D (2309) Aragon 2018}) 16. Nb4 Qc7
17. Rd2 Nc5 18. Bf3 Be5 19. Rfd1 Rfc8 20. h4 Be8 21. Bd4 Bf4 22. Re2 Nd7 23. b3
(23. Nd3 $11 {keeps the balance.} Be5 24. Nxe5 Nxe5 25. Bxe5 dxe5 26. Rc1)
23... Ne5 $17 24. Qc3 axb3 25. axb3 b5 $1 {[%cal Rb5c4]} 26. g3 Bh6 27. Bxe5
dxe5 28. Nd3 bxc4 29. bxc4 Qxc4 30. Qxc4 Rxc4 31. Nxe5 Rc3 {[#] And now ...Bg7
would win.} 32. Bg2 Bg7 33. Ng4 h5 (33... Ra4 $15) 34. e5 $11 {Hoping for Nf6+.
} Rac8 35. Nf6+ Bxf6 36. exf6 Ba4 37. Rd4 Rc1+ 38. Kh2 Bc6 39. Red2 Bd5 40.
Bxd5 exd5 41. Rxd5 {[%mdl 4096] Endgame KRR-KRR} R8c6 42. Rd6 Kh7 43. Kg2 (43.
f3 {seems wilder.} R1c5 44. g4 Rxd6 45. Rxd6 g5 46. hxg5 Rxg5 47. gxh5 Rxh5+
48. Kg3) 43... Kh6 44. f3 g5 45. hxg5+ Kxg5 46. f4+ (46. R2d5+ {is more
complex.} Kg6 47. Rxc6 Rxc6 48. f4 Rxf6 49. Rg5+) 46... Kg4 {The position is
equal.} 47. R6d5 {[%csl Gf4][%cal Rd5g5] [#]} R1c5 48. Rxc5 Rxc5 {KR-KR} 49.
Kf2 Kf5 50. Rd6 Kg6 51. Kg2 Rf5 52. Kh3 Rxf6 53. Rd8 Rf5 54. Kh4 Ra5 55. Rg8+
Kf6 56. Kh3 Rb5 57. Rc8 Kg6 58. Ra8 {Weighted Error Value: White=0.06/Black=0.
03} 1/2-1/2

[Event "23rd ETCC Open 2021"]
[Site "Catez"]
[Date "2021.11.21"]
[Round "9.58"]
[White "Uruci, Endrit"]
[Black "Stefansson, Hannes"]
[Result "0-1"]
[WhiteElo "2322"]
[BlackElo "2519"]
[Annotator "ChessBase"]
[PlyCount "102"]
[EventDate "2021.11.08"]
[EventType "team-tourn"]
[EventCountry "SLO"]
[SourceTitle "playchess.com"]
[Source "ChessBase"]
[SourceQuality "1"]
[WhiteTeam "Kosovo"]
[BlackTeam "Iceland"]
[WhiteTeamCountry "KOS"]
[BlackTeamCountry "ISL"]
[TimeControl "40/5400+30:1800+30"]

1. e4 c5 2. Nf3 d6 3. d4 cxd4 4. Nxd4 Nf6 5. Nc3 Nc6 6. Bg5 e6 7. Qd2 a6 8.
O-O-O Bd7 9. f3 Nxd4 10. Qxd4 Be7 11. h4 Bc6 12. g4 h5 13. gxh5 Nxh5 14. Bxe7
Qxe7 15. Bh3 Rd8 16. Bg4 e5 17. Qe3 g6 18. Ne2 d5 19. exd5 Rxd5 20. Rxd5 Bxd5
21. Bxh5 Rxh5 22. Ng3 Rxh4 23. Rxh4 Qxh4 24. Qxe5+ Kf8 25. Qxd5 Qxg3 26. b3 Qc7
27. Kb2 Ke7 28. c4 f5 29. b4 Kf6 30. Kb3 g5 31. Qd4+ Kg6 32. b5 axb5 33. cxb5
g4 34. fxg4 Qf7+ 35. Kb4 f4 36. Qe4+ Kg5 37. Qf3 Qe7+ 38. Kc4 Qe6+ 39. Kd3 Qd7+
40. Kc4 b6 41. a4 Qd2 42. Qh3 Qe2+ 43. Kd4 f3 44. Qh5+ Kf4 45. g5 Qe4+ 46. Kc3
f2 47. Qh4+ Ke3 48. Qg3+ Ke2 49. Qh2 Qe3+ 50. Kc2 Qxg5 51. a5 Ke1 0-1

[Event "23rd ETCC Open 2021"]
[Site "Catez"]
[Date "2021.11.21"]
[Round "9.59"]
[White "Gretarsson, Helgi Ass"]
[Black "Makolli, Perparim"]
[Result "1-0"]
[WhiteElo "2476"]
[BlackElo "2245"]
[Annotator "ChessBase"]
[PlyCount "67"]
[EventDate "2021.11.08"]
[EventType "team-tourn"]
[EventCountry "SLO"]
[SourceTitle "playchess.com"]
[Source "ChessBase"]
[SourceQuality "1"]
[WhiteTeam "Iceland"]
[BlackTeam "Kosovo"]
[WhiteTeamCountry "ISL"]
[BlackTeamCountry "KOS"]
[TimeControl "40/5400+30:1800+30"]

1. c4 c5 2. Nc3 Nf6 3. g3 Nc6 4. Bg2 g6 5. e3 Bg7 6. d4 cxd4 7. exd4 d6 8. Nge2
Bd7 9. h3 Na5 10. b3 Bc6 11. d5 Bd7 12. O-O a6 13. Be3 b5 14. cxb5 axb5 15. Nd4
b4 16. Nce2 O-O 17. Qd2 Rb8 18. Rac1 Ne8 19. Rfe1 Nc7 20. Bg5 Re8 21. Nc2 Na6
22. Ned4 Qb6 23. Bxe7 Nc7 24. Qf4 Be5 25. Qh4 Nb5 26. Nxb5 Qxb5 27. Nxb4 f6 28.
Rxe5 fxe5 29. Bxd6 Rbc8 30. Rxc8 Bxc8 31. Qf6 Qb6 32. Be4 Nb7 33. Bxg6 Nxd6 34.
Bf7+ 1-0

[Event "23rd ETCC Open 2021"]
[Site "Catez"]
[Date "2021.11.21"]
[Round "9.60"]
[White "Saraci, Korab"]
[Black "Kjartansson, Gudmundur"]
[Result "0-1"]
[WhiteElo "2149"]
[BlackElo "2443"]
[Annotator "NA"]
[PlyCount "110"]
[EventDate "2021.11.08"]
[EventType "team-tourn"]
[EventCountry "SLO"]
[SourceTitle "playchess.com"]
[Source "ChessBase"]
[SourceQuality "1"]
[WhiteTeam "Kosovo"]
[BlackTeam "Iceland"]
[WhiteTeamCountry "KOS"]
[BlackTeamCountry "ISL"]
[TimeControl "40/5400+30:1800+30"]

1. e4 c6 2. d4 d5 3. Nc3 dxe4 4. Nxe4 Bf5 5. Ng3 Bg6 6. h4 h6 7. Nh3 Nf6 8. c3
e6 9. Nf4 Bh7 10. Nfh5 Nbd7 11. Bc4 Nxh5 12. Nxh5 Nf6 13. Bf4 Nxh5 14. Qxh5 Bd6
15. Qg4 Bxf4 16. Qxf4 O-O 17. Rh3 a5 18. Rd1 a4 19. Rg3 Kh8 20. Qg4 Rg8 21. Bd3
Bxd3 22. Rdxd3 Qd5 23. a3 Qa2 24. Rd2 Qb1+ 25. Qd1 Qe4+ 26. Qe2 Qxh4 27. Qe5 f6
28. Qc7 e5 29. dxe5 Rae8 30. Re2 Qh1+ 31. Kd2 Qb1 32. f4 Qxb2+ 33. Ke1 Qc1+ 34.
Kf2 Qxf4+ 35. Rf3 Qh4+ 36. Kg1 Rxe5 37. Rxe5 fxe5 38. Qxe5 Qc4 39. Rf4 Qb3 40.
Rh4 Qd1+ 41. Kh2 Kh7 42. Qe4+ g6 43. Qxa4 Qxa4 44. Rxa4 g5 45. Ra7 Rg7 46. a4
Kg6 47. a5 Rf7 48. Kg3 h5 49. Kh2 Rf5 50. Kg3 Rb5 51. Ra8 Rc5 52. c4 Rxc4 53.
Rg8+ Kf6 54. Rf8+ Ke6 55. Rg8 Rc3+ 0-1

[Event "23rd ETCC Open 2021"]
[Site "Catez"]
[Date "2021.11.21"]
[Round "9.61"]
[White "Djukic, Nikola"]
[Black "Pancevski, Filip"]
[Result "1-0"]
[WhiteElo "2519"]
[BlackElo "2490"]
[Annotator "ChessBase"]
[PlyCount "83"]
[EventDate "2021.11.08"]
[EventType "team-tourn"]
[EventCountry "SLO"]
[SourceTitle "playchess.com"]
[Source "ChessBase"]
[SourceQuality "1"]
[WhiteTeam "Montenegro"]
[BlackTeam "Macedonia"]
[WhiteTeamCountry "MNE"]
[BlackTeamCountry "MKD"]
[TimeControl "40/5400+30:1800+30"]

1. e4 e5 2. Nf3 Nc6 3. Bb5 a6 4. Ba4 Nf6 5. O-O Be7 6. Re1 b5 7. Bb3 d6 8. c3
O-O 9. h3 Nb8 10. d4 Nbd7 11. Nbd2 Bb7 12. Bc2 Re8 13. Nf1 Bf8 14. Ng3 g6 15.
a4 Bg7 16. Bd3 c6 17. Bg5 Nf8 18. Qd2 Ne6 19. Be3 Nd7 20. Red1 Qc7 21. Bf1 Rad8
22. axb5 cxb5 23. d5 Nec5 24. Qc2 Nb6 25. Nd2 Ncd7 26. c4 Rc8 27. Rdc1 bxc4 28.
Bxc4 Nxc4 29. Nxc4 f5 30. exf5 Bxd5 31. b3 Qb7 32. fxg6 Bxg2 33. gxh7+ Kh8 34.
Qf5 Rxc4 35. Rxc4 Rf8 36. Qg6 Rf6 37. Qg4 Bf3 38. Rb4 Bxg4 39. Rxb7 Bxh3 40.
Rxa6 Rg6 41. Kh2 Bg4 42. f3 1-0

[Event "23rd ETCC Open 2021"]
[Site "Catez"]
[Date "2021.11.21"]
[Round "9.62"]
[White "Nikolovski, Nikola"]
[Black "Draskovic, Luka"]
[Result "1/2-1/2"]
[WhiteElo "2401"]
[BlackElo "2469"]
[Annotator "ChessBase"]
[PlyCount "134"]
[EventDate "2021.11.08"]
[EventType "team-tourn"]
[EventCountry "SLO"]
[SourceTitle "playchess.com"]
[Source "ChessBase"]
[SourceQuality "1"]
[WhiteTeam "Macedonia"]
[BlackTeam "Montenegro"]
[WhiteTeamCountry "MKD"]
[BlackTeamCountry "MNE"]
[TimeControl "40/5400+30:1800+30"]

1. e4 d6 2. d4 Nf6 3. Nc3 e5 4. Nge2 Be7 5. g3 c6 6. a4 Na6 7. Bg2 O-O 8. O-O
Nb4 9. h3 d5 10. exd5 exd4 11. Nxd4 Nfxd5 12. Nxd5 Nxd5 13. a5 a6 14. c3 Bf6
15. Re1 Re8 16. Rxe8+ Qxe8 17. Kh2 Bd7 18. Bxd5 cxd5 19. Be3 Bxd4 20. Bxd4 Qe6
21. Qf1 Re8 22. Be3 Qf5 23. Re1 h5 24. Rd1 Rxe3 25. fxe3 Qc2+ 26. Kg1 Bxh3 27.
Rc1 Qxb2 28. Rb1 Qa2 29. Ra1 Qb2 30. Rb1 Qc2 31. Rc1 Qd2 32. Rd1 Qxe3+ 33. Qf2
Qxc3 34. Rxd5 Bg4 35. Kh2 Qc7 36. Qd4 Qc2+ 37. Kg1 Bf3 38. Rd8+ Kh7 39. Qd2
Qc5+ 40. Kh2 Be4 41. Rd4 Qf5 42. Qe2 Bc6 43. Rf4 Qd5 44. Qf1 Kg8 45. Rf5 Qd2+
46. Kg1 Bb5 47. Qf4 Qd1+ 48. Kh2 Bc6 49. Qf1 Qxf1 50. Rxf1 g6 51. Kg1 Kg7 52.
Rf4 f5 53. Rd4 Kf7 54. Rd6 Be8 55. Rd8 Ke7 56. Rb8 Bc6 57. Kf2 Kf6 58. Ke3 Kg5
59. Rg8 Be4 60. Rg7 Kf6 61. Rg8 Bd5 62. Rd8 Bc6 63. Rd6+ Kg5 64. Re6 Be4 65.
Rd6 Bc2 66. Rb6 Be4 67. Rd6 Bc6 1/2-1/2

[Event "23rd ETCC Open 2021"]
[Site "Catez"]
[Date "2021.11.21"]
[Round "9.63"]
[White "Blagojevic, Dragisa"]
[Black "Lazov, Toni"]
[Result "1-0"]
[WhiteElo "2467"]
[BlackElo "2393"]
[Annotator "ChessBase"]
[PlyCount "111"]
[EventDate "2021.11.08"]
[EventType "team-tourn"]
[EventCountry "SLO"]
[SourceTitle "playchess.com"]
[Source "ChessBase"]
[SourceQuality "1"]
[WhiteTeam "Montenegro"]
[BlackTeam "Macedonia"]
[WhiteTeamCountry "MNE"]
[BlackTeamCountry "MKD"]
[TimeControl "40/5400+30:1800+30"]

1. d4 Nf6 2. Nf3 e6 3. c4 Bb4+ 4. Bd2 Qe7 5. g3 Nc6 6. Nc3 Bxc3 7. Bxc3 Ne4 8.
Qc2 Nxc3 9. Qxc3 O-O 10. Bg2 d6 11. d5 Nb8 12. dxe6 fxe6 13. Nd4 e5 14. Nc2 Nc6
15. Rd1 Bg4 16. Rd2 Rae8 17. O-O Kh8 18. b4 e4 19. Ne3 Qg5 20. b5 Nd8 21. Qd4
b6 22. Bxe4 Bh3 23. Bg2 Bxg2 24. Kxg2 Ne6 25. Qg4 Qh6 26. Rd5 g6 27. h4 Qg7 28.
h5 gxh5 29. Qxg7+ Nxg7 30. Rfd1 h4 31. g4 Ne6 32. Rf5 Rxf5 33. Nxf5 Nf4+ 34.
Kf3 Nxe2 35. Nxh4 Nc3 36. Rd3 Ne4 37. Nf5 h5 38. gxh5 Re5 39. Kf4 Nxf2 40. Re3
Kh7 41. Rxe5 Nd3+ 42. Ke4 Nxe5 43. Kd5 Kh8 44. Nd4 Kh7 45. Ne6 Kh6 46. Nxc7
Kxh5 47. Ne8 Kg5 48. Nxd6 Kf4 49. Nc8 Nd3 50. Nxa7 Nb4+ 51. Kd4 Nxa2 52. Nc8
Kf5 53. Nxb6 Ke6 54. c5 Ke7 55. c6 Kd6 56. Nc4+ 1-0

[Event "23rd ETCC Open 2021"]
[Site "Catez"]
[Date "2021.11.21"]
[Round "9.64"]
[White "Risteski, Emil"]
[Black "Potpara, Nikola"]
[Result "1-0"]
[WhiteElo "2315"]
[BlackElo "2374"]
[Annotator "NA"]
[PlyCount "87"]
[EventDate "2021.11.08"]
[EventType "team-tourn"]
[EventCountry "SLO"]
[SourceTitle "playchess.com"]
[Source "ChessBase"]
[SourceQuality "1"]
[WhiteTeam "Macedonia"]
[BlackTeam "Montenegro"]
[WhiteTeamCountry "MKD"]
[BlackTeamCountry "MNE"]
[TimeControl "40/5400+30:1800+30"]

1. e4 e5 2. Nf3 Nc6 3. Nc3 Nf6 4. g3 Bc5 5. Bg2 d6 6. O-O a6 7. d3 Be6 8. h3 h6
9. Kh2 Qd7 10. Nd2 h5 11. Nd5 Bxd5 12. exd5 Ne7 13. Ne4 Nxe4 14. dxe4 h4 15. g4
Ng6 16. Qf3 Qe7 17. c3 c6 18. b4 Bb6 19. dxc6 bxc6 20. Rd1 O-O 21. Bf1 a5 22.
b5 cxb5 23. Bxb5 Rfc8 24. Ba4 Nf8 25. Bb3 Ra7 26. Rb1 Bc5 27. Bd2 Ne6 28. Kg2
g6 29. Bd5 Kg7 30. Rb2 Ng5 31. Bxg5 Qxg5 32. Rdb1 Qf6 33. Rb7 Rc7 34. Rb8 Qxf3+
35. Kxf3 Kf6 36. Rh8 Kg5 37. Rbb8 Ba3 38. c4 Bc1 39. Rbg8 Ra6 40. Rh5+ Kf6 41.
Rxh4 Rc5 42. Rh7 Rxd5 43. cxd5 g5 44. Rc8 1-0

[Event "23rd ETCC Open 2021"]
[Site "Catez"]
[Date "2021.11.21"]
[Round "9.65"]
[White "Kanyamarala, Tarun"]
[Black "Mehmeti, Dritan"]
[Result "0-1"]
[WhiteElo "2321"]
[BlackElo "2391"]
[Annotator "NA"]
[PlyCount "98"]
[EventDate "2021.11.08"]
[EventType "team-tourn"]
[EventCountry "SLO"]
[SourceTitle "playchess.com"]
[Source "ChessBase"]
[SourceQuality "1"]
[WhiteTeam "Ireland"]
[BlackTeam "Albania"]
[WhiteTeamCountry "IRL"]
[BlackTeamCountry "ALB"]
[TimeControl "40/5400+30:1800+30"]

1. d4 Nf6 2. c4 e6 3. Nc3 d5 4. cxd5 exd5 5. Bg5 Be7 6. e3 O-O 7. Bd3 Re8 8. h3
Nbd7 9. Nf3 Nf8 10. Qc2 h6 11. Bf4 Ne6 12. Be5 c5 13. dxc5 Nxc5 14. O-O a6 15.
Rfd1 Be6 16. Rac1 Rc8 17. Qe2 Qa5 18. Bb1 Nce4 19. Nd2 Nxc3 20. Bxc3 Qa4 21.
Bc2 Qh4 22. Qf1 b5 23. g4 Nxg4 24. hxg4 Qxg4+ 25. Qg2 b4 26. Ba4 bxc3 27. Bxe8
cxd2 28. Qxg4 dxc1=Q 29. Bxf7+ Kxf7 30. Qh5+ g6 31. Qf3+ Bf6 32. Rxc1 Rxc1+ 33.
Kg2 Rc4 34. b3 Rg4+ 35. Kf1 h5 36. Qe2 h4 37. Qxa6 h3 38. Qb7+ Be7 39. Qc7 d4
40. exd4 Rxd4 41. Ke2 Rh4 42. Qh2 g5 43. Kd3 Rf4 44. Qg3 Kf6 45. Ke2 Bd6 46.
Kf1 Be5 47. a4 Bd4 48. Qd3 h2 49. Qh7 Rh4 0-1

[Event "23rd ETCC Open 2021"]
[Site "Catez"]
[Date "2021.11.21"]
[Round "9.66"]
[White "Pasko, Llambi"]
[Black "Jessel, Stephen"]
[Result "1/2-1/2"]
[WhiteElo "2417"]
[BlackElo "2297"]
[Annotator "NA"]
[PlyCount "111"]
[EventDate "2021.11.08"]
[EventType "team-tourn"]
[EventCountry "SLO"]
[SourceTitle "playchess.com"]
[Source "ChessBase"]
[SourceQuality "1"]
[WhiteTeam "Albania"]
[BlackTeam "Ireland"]
[WhiteTeamCountry "ALB"]
[BlackTeamCountry "IRL"]
[TimeControl "40/5400+30:1800+30"]

1. d4 e6 2. c4 b6 3. e4 Bb7 4. Nc3 Bb4 5. Qc2 Qh4 6. Bd3 Bxc3+ 7. bxc3 f5 8. g3
Qh5 9. f3 Ne7 10. Ba3 Nbc6 11. O-O-O fxe4 12. fxe4 d6 13. Rf1 O-O-O 14. Nf3
Rhf8 15. Be2 Na5 16. Kb1 Qg6 17. Nd2 c5 18. d5 Kb8 19. Nb3 Nxb3 20. axb3 Bc8
21. b4 e5 22. bxc5 dxc5 23. g4 Qd6 24. Bc1 Ng6 25. Bg5 Rde8 26. Qd2 Nf4 27.
Bxf4 exf4 28. Bf3 Qe5 29. Qd3 Rf6 30. Rf2 Re7 31. Ra2 Bd7 32. Rd1 Rd6 33. Ka1
Be8 34. h4 Bd7 35. g5 Bc8 36. Rb1 Rd8 37. Rf1 Rf7 38. g6 hxg6 39. Rg1 Qd6 40.
Rg5 Re8 41. h5 Rf6 42. hxg6 Re5 43. Rxe5 Qxe5 44. Rh2 Rxg6 45. Rh5 Rg5 46. Rxg5
Qxg5 47. d6 Be6 48. e5 Qxe5 49. d7 Bxd7 50. Qxd7 Qxc3+ 51. Kb1 Qb3+ 52. Ka1
Qa3+ 53. Kb1 Qxf3 54. Qd8+ Kb7 55. Qd7+ Ka6 56. Qb5+ 1/2-1/2